Trouvez une légende pour ces pays en Football - Statistiques

Statistiques générales
  • Ce quiz a été pris 99 fois
  • Le résultat moyen est 34 sur 71
Statistiques - réponses
Pays Joueur Club Passé % Correct
Argentine Lionel Messi FC Barcelone
94%
Belgique Eden Hazard Chelsea FC
92%
Portugal Cristiano Ronaldo Manchester United
87%
Hongrie Ferenc Puskás Real Madrid
83%
Egypte Mohamed Salah AS Roma
79%
Espagne Andrés Iniesta FC Barcelone
78%
Sénégal Sadio Mané Liverpool FC
78%
Suède Zlatan Ibrahimović FC Barcelone
78%
Costa-Rica Keylor Navas Real Madrid
73%
Liberia George Weah AC Milan
70%
Algérie Riyad Mahrez Manchester City
70%
Pologne Robert Lewandowski FC Barcelone
70%
France Michel Platini Juventus Turin
69%
Brésil Pelé Santos
69%
Cameroun Samuel Eto'o FC Barcelone
69%
Autriche David Alaba Real Madrid
66%
Gabon Pierre-Emerick Aubameyang Arsenal FC
66%
Irlande Roy Keane Manchester United
66%
Pays de Galles Ryan Giggs Manchester United
66%
Italie Gianluigi Buffon Juventus Turin
62%
Mexique Hugo Sánchez Real Madrid
62%
Corée du Sud Ji-Sung Park Manchester United
62%
Slovaquie Marek Hamšík SSC Napoli
61%
Ukraine Andriy Shevchenko AC Milan
60%
Equateur Antonio Valencia Manchester United
60%
Bosnie-Herzégovine Miralem Pjanić FC Barcelone
60%
Côte d'Ivoire Yaya Touré FC Barcelone
60%
Serbie Nemanja Vidić Manchester United
58%
Irlande du Nord George Best Manchester United
56%
Roumanie Gheorghe Hagi FC Barcelone
55%
Russie Andrey Arshavin Arsenal FC
53%
Pays-Bas Dennis Bergkamp Arsenal FC
52%
Nigeria Jay-Jay Okocha Paris Saint-Germain
52%
Japon Keisuke Honda AC Milan
52%
Ecosse Kenny Dalglish Liverpool FC
52%
Guinée Naby Keïta Liverpool FC
52%
Mali Seydou Keita FC Barcelone
52%
Togo Emmanuel Adebayor Arsenal FC
51%
Uruguay Diego Forlán Atlético Madrid
49%
Allemagne Franz Beckenbauer FC Bayern Munich
49%
Arménie Henrikh Mkhitaryan Manchester United
49%
Bulgarie Hristo Stoichkov FC Barcelone
48%
Danemark Peter Schmeichel Manchester United
47%
Angleterre Sir Bobby Charlton Manchester United
45%
Chili Arturo Vidal FC Barcelone
44%
Finlande Jari Litmanen Ajax Amsterdam
43%
URSS Lev Yashin Dynamo Moscou
42%
Croatie Davor Šuker Arsenal FC
40%
Islande Gylfi Sigurdsson Everton FC
40%
Norvège Ole-Gunnar Solskjær Manchester United
39%
Suisse Alexander Frei Stade Rennais
38%
République Tchèque Petr Čech Arsenal FC
38%
Slovénie Samir Handanovič Inter Milan
38%
Australie Tim Cahill Everton FC
35%
Etats-Unis London Donovan Everton FC
34%
Ghana Asamoah Gyan Stade Rennais
29%
Turquie Hakan Şükür Galatasaray
25%
Arabie Saoudite Saeed Al-Owairan Al-Shabab
21%
Colombie Carlos Valderrama Montpellier HSC
19%
Paraguay José Luis Chilavert RC Strasbourg
18%
Afrique du Sud Siphiwe Tshabalala Erzurumspor FK
17%
Chine Wu Lei Espanyol Barcelone
16%
Grèce Giorgos Karagounis Inter Milan
10%
Iran Ali Daei FC Bayern Munich
9%
Tchad Japhet N'Doram FC Nantes
8%
Yougoslavie Alen Bokšić Olympique de Marseille
6%
Tchécoslovaquie Josef Masopust Dukla Prague
6%
Salvador Mágico González Cadix CF
4%
Tunisie Radhi Jaïdi Southampton FC
4%
Maroc Larbi Ben Barek Olympique de Marseille
3%
RDC/Zaïre Joseph Mafu Kibonge Vita Club
1%
Aucun quiz correspondant
Distribution des résultats
% des personnes avec chaque résultat
Percentile par nombre de réponses
Votre historique - résultats
Vous n’avez pas pris ce quiz